LEADER 02505njm a2200661 a 4500
001 000390344
003 CZ BrMZK
005 20141016104854.0
008 980105s1998 xr f cze d
028 0 3 |a 4 98245 4  |b Monitor-EMI 
040 |a BOA001  |b cze 
080 |a 788.085.2(086.7)  |2 MRF 
245 0 0 |a Od Šumavy k Moravě  |h [zvukový záznam] :  |b půldruhý tucet nejkrásnějších dechovek 
246 3 3 |a Dědictví 
246 3 3 |a Hraj kapelo, hraj 
246 3 3 |a Kajda 
246 3 3 |a Kalino, kalino 
246 3 3 |a Kamizolka 
246 3 3 |a Když česká muzika zní 
246 3 3 |a Mojí Šumavě 
246 3 3 |a Máničko moje 
246 3 3 |a Proč naše láska 
246 3 3 |a Pérko 
246 3 3 |a Přišli do haječku 
246 3 3 |a Teče voda, teče 
246 3 3 |a Ty musíš má milá 
246 3 3 |a Ty Šumavské stráně 
246 3 3 |a Veselá polka 
246 3 3 |a Vzkázala mi Anička 
246 3 3 |a Žalo děvče 
246 3 3 |a Budějcký panenky 
260 |a Praha :  |b Monitor-EMI,  |c p1998 
300 |a 1 MC :  |b Dolby systém +  |e 1 složený list. 
500 |a Durata neuv 
500 |a Nahr. neuv 
505 2 |a Když česká muzika zní, Pérko, Mojí Šumavě...[et al.] 
653 0 |a dechový orchestr  |a písně s dechovým orchestrem 
700 1 |a Bárta, Miloš  |7 ola2002158823  |4 lyr 
700 1 |a Jakeš, Karel,  |d 1904-1955  |7 xx0023508  |4 cmp 
700 1 |a Jung, Robert,  |d 1935-  |7 mzk2014843677  |4 cmp 
700 1 |a Konečný, Josef,  |d 1946-2020  |7 jx20071214057  |4 cmp 
700 1 |a Maňas, František,  |d 1921-2004  |7 jn20000620214  |4 cmp 
700 1 |a Mírovský, Václav,  |d 1902-1953  |7 jk01081787  |4 lyr 
700 1 |a Nešlehová, Ludmila  |4 lyr 
700 1 |a Nádvorník, Bohuslav,  |d 1920-1994  |7 jk01082630  |4 aut 
700 1 |a Pěnčík, Stanislav,  |d 1939-2004  |7 jn20000810063  |4 lyr 
700 1 |a Sigmund, Aleš,  |d 1944-2018  |7 ola200202589  |4 lyr 
700 1 |a Smišovský, Blahoslav,  |d 1931-2011  |7 ola200209211  |4 cmp 
700 1 |a Stelibský, Josef,  |d 1909-1962  |7 jn19990009996  |4 cmp 
700 1 |a Sypěnová, Růžena,  |d 1932-2005  |7 ola200202611  |4 lyr 
700 1 |a Sýkora, Vladimír,  |d 1930-  |7 mzk2007382154  |4 lyr 
700 1 |a Školka, Áda,  |d 1934-2020  |7 jo2004249841  |4 cmp 
700 1 |a Špilar, Václav,  |d 1902-1968  |7 jz6702197  |4 cmp 
700 1 |a Bruhn, Christian,  |d 1934-  |7 mzk2010605045  |4 cmp 
910 |a BOA001  |b KZ-0006.858 
964 |a Orchestr dechový  |x MC 
990 |a AV 
996 6 |b 261H007296  |c KZ-0006.858  |l MZK  |r Sklad / do 24 hodin  |n 0  |p p.v.  |w 000390344  |u 000010  |a 1  |e BOA001  |j MZK50  |s P